Вып. 129 : Теория и методы автоматизированного проектирования РЭА и БИС; Вопросы кибернетики

Opis bibliograficzny
Parent link:Вопросы кибернетики: [сборник статей]/ Академия наук СССР (АН СССР), Научный совет по комплексной проблеме "Кибернетика". Вып. 129 : Теория и методы автоматизированного проектирования РЭА и БИС.— : [Б. и.], 1975-.— 0134-6388
Kolejni autorzy: Белоцерковский О. М. (редактор)
Język:rosyjski
Wydane: 1987
Hasła przedmiotowe:
Format: MixedMaterials Książka
KOHA link:https://koha.lib.tpu.ru/cgi-bin/koha/opac-detail.pl?biblionumber=271315

MARC

LEADER 00000nam2a2200000 4500
001 271315
005 20231101234427.0
035 |a (RuTPU)RU\TPU\book\294496 
035 |a RU\TPU\book\213279 
090 |a 271315 
100 |a 20141006d1987 k y0rusy50 ca 
101 0 |a rus 
102 |a RU 
105 |a a z 001zy 
200 0 |a Вып. 129 : Теория и методы автоматизированного проектирования РЭА и БИС  |f науч. ред. О. М. Белоцерковский 
210 |d 1987 
215 |a 114 с.  |c ил. 
320 |a Библиогр. в конце ст. 
461 1 |0 (RuTPU)RU\TPU\book\161768  |x 0134-6388  |t Вопросы кибернетики  |o [сборник статей]  |f Академия наук СССР (АН СССР), Научный совет по комплексной проблеме "Кибернетика"  |v Вып. 129 : Теория и методы автоматизированного проектирования РЭА и БИС  |n [Б. и.]  |d 1975- 
606 1 |a Радиоэлектронная аппаратура  |2 stltpush  |3 (RuTPU)RU\TPU\subj\23472  |9 47977 
606 1 |a Кибернетические системы  |2 stltpush  |3 (RuTPU)RU\TPU\subj\14327  |9 40741 
610 1 |a кибернетика 
610 1 |a математическое моделирование 
610 1 |a экспертные системы 
610 1 |a искусственный интеллект 
610 1 |a имитационное моделирование 
675 |a 681.5  |v 3 
675 |a 621.396.6.001  |v 3 
702 1 |a Белоцерковский  |b О. М.  |4 340 
801 1 |a RU  |b 63413507  |c 20110511 
801 2 |a RU  |b 63413507  |c 20161107  |g RCR 
942 |c BK